| 000 | 00911cam a22002055a 4500 | ||
|---|---|---|---|
| 001 | 99997 | ||
| 008 | 000000s1934 xxk 000 0 eng u | ||
| 035 | _a(Sirsi) u101033 | ||
| 110 |
_aChartered Surveyors' Institution _92274 |
||
| 245 | 0 | 4 | _aThe Gidea Park modern homes exhibition and the problem of speculative building. November 1934. |
| 260 | _c1934 | ||
| 300 | _a11p. | ||
| 520 | _aThis item has been scanned, please email [email protected], admin fee may apply for non-members | ||
| 520 | _aPaper read at a Junior Meeting at the Chartered Surveyors Institution on Monday 5th November 1934 by H. H Wagstaff, probationer. Includes: General Impressions of the Exhibition; Costs to the average purchaser; frontage; standards of building; valuation | ||
| 650 | _aGARDEN ESTATES | ||
| 650 | _aBUILDING STANDARDS | ||
| 651 | 4 | _aUnited Kingdom | |
| 690 |
_aResidential property _96266 |
||
| 942 |
_n0 _2ddc |
||
| 999 |
_c99997 _d99997 |
||